Normal view
MARC view
- Baumgardner, Robert Jackson
Entry Personal Name
001 - CONTROL NUMBER
- control field: 107729
003 - CONTROL NUMBER IDENTIFIER
- control field: NUST
005 - DATE AND TIME OF LATEST TRANSACTION
- control field: 20230126104344.0
008 - FIXED-LENGTH DATA ELEMENTS
- fixed length control field: 230126|| aca||aabn | a|a d
040 ## - CATALOGING SOURCE
- Original cataloging agency: NUST
- Transcribing agency: NUST
100 ## - HEADING--PERSONAL NAME
- Personal name: Baumgardner, Robert Jackson
670 ## - SOURCE DATA FOUND
- Source citation: Work cat.: (NUST)185323: The English language in Pakistan / , 1993.
